On the process of planning

Αποθηκεύτηκε σε:
Λεπτομέρειες βιβλιογραφικής εγγραφής
Κύριος συγγραφέας: Steiner, Peter Otto 1922-
Μορφή: Βιβλίο
Γλώσσα:English
Δημοσίευση: Athens : Center of Planning and Economic Research, 1968
Σειρά:Training seminar series ; ; 8
Θέματα:
Ετικέτες: Προσθήκη ετικέτας
Δεν υπάρχουν, Καταχωρήστε ετικέτα πρώτοι!

MARC

LEADER 00000nam a2200000 i 4500
001 1/62411
008 960215s1968 eng d
035 |l 10029068 
040 |a GR-MY-UA  |b gre  |e aacr 
041 0 |a eng 
082 0 |a 338.9 
100 1 |a Steiner, Peter Otto  |d 1922- 
245 1 0 |a On the process of planning /  |c Peter O. Steiner 
260 |a Athens :   |b Center of Planning and Economic Research,   |c 1968 
300 |a 106 p. 
490 1 |a Training seminar series  |v ; 8 
650 0 0 |a Economic policy. 
830 0 |a Training seminar series ;  |v ; 8 
852 |a INST  |b CHIOS  |e 19960215  |h 338.9 STE  |p 005200000994  |q 005200000994  |t BK  |y 0 
852 |a INST  |b LESVOS  |e 19970213  |h 338.9 STE  |p 005100012016  |q 005100012016  |t BK  |y 0 
909 |a Λ  |b 015078 
909 |a Χ  |b 000315